| 000 | 02025na a2200481 4500 | ||
|---|---|---|---|
| 001 | 19680 | ||
| 003 | MIRAKIL | ||
| 005 | 20181213154805.0 | ||
| 008 | 170126b tu 000 0 | ||
| 035 | _a19680 | ||
| 040 |
_aMilas _btur _cTR-AnCHP |
||
| 041 | _atur | ||
| 082 |
_aCHP 324.2372 _bC36ç 2011 |
||
| 090 | _aBROŞÜR 96 | ||
| 110 |
_aCumhuriyet Halk Partisi (CHP) _bBilim, Yönetim ve Kültür Platformu |
||
| 222 | _aÇocuklar için program | ||
| 245 |
_aÇocuklar _bGeleceğe umutla bakacak _cCHP Bilim, Yönetim ve Kültür Platformu |
||
| 246 | _aÇocuklar geleceğe umutla bakacak | ||
| 260 |
_aAnkara _bCHP _c2011 |
||
| 300 |
_a36 s. _brnkl. fotg., grf. _c21 sm. |
||
| 440 |
_aCumhuriyet Halk Partisi yayınları _pHerkes için CHP dizisi _vProgramlar |
||
| 490 | _aCHP Bilim, Yönetim ve Kültür Platformu çalışmaları | ||
| 500 | _aAra kapakta adı : Türkiye rahat bir nefes alacak | ||
| 505 | _a1. Türkiye'de çocuk ve çocuk politikaları - 2. CHP'nin ulusal çocuk politikası: Hayata eşit hak ve fırsatlarla başlamak | ||
| 600 |
_aKılıçdaroğlu, Kemal _xPropaganda ve ideolojiler _yÇocuk hakları |
||
| 600 |
_aKılıçdaroğlu, Kemal _cCHP Genel Başkanı _xSeçim kampanyaları, 2011 _yÇocuklar |
||
| 610 |
_aCHP _xÇocuk ve sorunları _yÇözüm önerileri |
||
| 610 |
_aCHP _xProgramlar, 2011 _yÇocuk politikası |
||
| 610 |
_aCHP _xSeçim kampanyaları, 2011 _yÇocuk politikası |
||
| 610 |
_aCHP _xPropaganda ve ideolojiler _yKılıçdaroğlu dönemi _yGenel seçimler, 2011 |
||
| 651 |
_aTürkiye _xSiyaset ve yönetim _y2011-2015 |
||
| 657 | _aCHP çocuk programı | ||
| 657 | _aCHP seçim propagandaları | ||
| 657 | _aCHP seçim kampanyaları | ||
| 657 | _aHerkes için CHP kampanyası | ||
| 657 | _aCHP çocuklar için programları | ||
| 710 | _aCHP Bilim, Yönetim ve Kültür Platformu | ||
| 740 | _aÇocuklar geleceğe umutla bakacak | ||
| 830 | _aHerkes için CHP dizisi | ||
| 830 | _aCHP programları | ||
| 942 |
_2dcc _cBKS |
||
| 999 |
_c916 _d916 |
||